000 00619nam a2200205Ia 4500
001 4202
003 GE_BSU
008 181216s||||||||xx |||||||||||||| ||und||
040 _cGE_BSU
080 _a621.54
100 _aВольский,Э.Л. Константинова,И.М.
245 _aРежим работи магистрального газопровода.
245 _cРед. А.Н.Павлов.
260 _aМ.
260 _bНедра.
260 _c1970.
300 _a168стр.22 см.
653 _aРежим работи магистрального газопровода.
942 _cBK
999 _c38212
_d38212